Applied mathematics for engineers and physicists (Record no. 63588)

000 -LEADER
fixed length control field 00525nam a22001937a 4500
003 - CONTROL NUMBER IDENTIFIER
control field NUST - PNEC
005 - DATE AND TIME OF LATEST TRANSACTION
control field 20170116180818.0
008 - FIXED-LENGTH DATA ELEMENTS--GENERAL INFORMATION
fixed length control field 150609b xxu||||| |||| 00| 0 eng d
020 ## - INTERNATIONAL STANDARD BOOK NUMBER
International Standard Book Number 007Y855773
040 ## - CATALOGING SOURCE
Transcribing agency LIBRARY
082 ## - DEWEY DECIMAL CLASSIFICATION NUMBER
Classification number 510 PIP
100 ## - MAIN ENTRY--PERSONAL NAME
9 (RLIN) 3795
Personal name Pipes, Louis A.
245 ## - TITLE STATEMENT
Title Applied mathematics for engineers and physicists
Statement of responsibility, etc. Louis A. Pipes
250 ## - EDITION STATEMENT
Edition statement 3rd ed
260 ## - PUBLICATION, DISTRIBUTION, ETC.
Place of publication, distribution, etc. New Delhi
Name of publisher, distributor, etc. McGraw-Hill Book Company
Date of publication, distribution, etc. c1971.
300 ## - PHYSICAL DESCRIPTION
Extent 1015 p. :
650 ## - SUBJECT ADDED ENTRY--TOPICAL TERM
9 (RLIN) 3797
Topical term or geographic name entry element Mathematics
General subdivision MS
942 ## - ADDED ENTRY ELEMENTS (KOHA)
Source of classification or shelving scheme
Koha item type Book
Holdings
Withdrawn status Lost status Source of classification or shelving scheme Damaged status Not for loan Permanent Location Current Location Shelving location Date acquired Source of acquisition Cost, normal purchase price Total Checkouts Full call number Barcode Date last seen Cost, replacement price Price effective from Koha item type
          Pakistan Navy Engineering College (PNEC) Pakistan Navy Engineering College (PNEC)     Paramount Publishing Enterprise / Library / Reference Grant 232.14   510 PIP PNECLIB-013007 06/09/2015 232.14   Book
          Pakistan Navy Engineering College (PNEC) Pakistan Navy Engineering College (PNEC)           510 PIP PNECLIB-004132 08/11/2015     Book
© 2023 Central Library, National University of Sciences and Technology. All Rights Reserved.